000 00942nam a22001935i 4500
001 178725
003 ES-MaACL
005 20230906220606.0
008 110613s1974 sp |||| | spa d
080 _a615.212
100 1 _aCadena Carrera, Rosalina.
_9147170
245 1 0 _aEstudio experimental de los fármacos analgésico- antiinflamatorios con aportaciones originales a los métodos de valoración y la investigación de nueve nuevas series de compuestos químicos /
_cresumen de la tesis presentada para aspirar al grado de doctor en medicina por Rosalina Cadena Carrera.
260 _aBarcelona :
_bUniversidad de Barcelona, Secretariado de Publicaciones, Intercambio Científico y Extensión Universitaria :
_b[Ivern],
_c1974.
300 _a26 p. ;
_c24 cm.
500 _aCub. tomada como port.
650 0 4 _aAnalgésicos.
_9147171
710 2 _aUniversidad de Barcelona.
_97141
852 _aES-MaACL
_jE-15361 (128)
_xOlim P-1374
999 _c178725
_d178725